UBT Library

Hyrje në Shkencat Shoqërore (Record no. 60861)

000 -LEADER
fixed length control field 00330nam a22001337a 4500
008 - FIXED-LENGTH DATA ELEMENTS--GENERAL INFORMATION
fixed length control field 260225b ||||| |||| 00| 0 eng d
020 ## - INTERNATIONAL STANDARD BOOK NUMBER
International Standard Book Number 9789951051958
041 ## - LANGUAGE CODE
Language code of text/sound track or separate title Shqip
080 ## - UNIVERSAL DECIMAL CLASSIFICATION NUMBER
Universal Decimal Classification number 2.1
100 ## - Rafti
Rafti 20.1
101 ## - Shkurtesa
Shkurtesa Politike
245 ## - TITLE STATEMENT
Title Hyrje në Shkencat Shoqërore
Statement of responsibility, etc Bernard Valade- Renaud Fillieule
942 ## - ADDED ENTRY ELEMENTS (KOHA)
Source of classification or shelving scheme
Item type Books
Holdings
Withdrawn status Lost status Source of classification or shelving scheme Damaged status Not for loan Collection code Permanent location Current location Date acquired Total Checkouts Barcode Date last seen Price effective from Koha item type
          Koleksioni i përgjithshem UBT - Lipjan UBT - Lipjan 02/25/2026   002-800070999441 02/25/2026 02/25/2026 Books
          Koleksioni i përgjithshem UBT - Lipjan UBT - Lipjan 02/27/2026   002-800070999362 02/27/2026 02/27/2026 Books
UBT Library © 2015-2024. All rights reserved University Education for Business and Technology